Jonah favorite things updated - Statistics

General Stats
  • This quiz has been taken 12 times
  • The average score is 5 of 23
Answer Stats
Hint Answer % Correct
SHOE BRAND Nike
75%
SPORT Basketball
63%
HOLIDAY Christmas
50%
COLOR Brown
38%
SODA Cola
38%
HOT DRINK Hot Chocolate
25%
ARTIST Kanye West
25%
FAST FOOD Max
25%
GAME Minecraft
25%
SUBJECT Physical Education
25%
NBA TEAM Bucks
13%
SONG Devil in a New Dress
13%
FRUIT Mango
13%
MOVIE Pursuit of Happiness
13%
CANDY BAR Snickers
13%
COUNTRY Sweden
13%
ACTOR Will Smith
13%
VEGDETABLE Cucumber
0%
CANDY Ferrari
0%
FOOD Fried Chicken
0%
BASKETBALL PLAYER Giannis
0%
SNACK Hot Rice Crackers
0%
RESTURANT Jebena
0%
No matching quizzes found
Score Distribution
Percent of People with Each Score
Percentile by Number Answered
Your Score History
You have not taken this quiz